| 000 | 01287nam a2200337 i 4500 | ||
|---|---|---|---|
| 001 | 11996 | ||
| 003 | KOSZ 005 | ||
| 005 | 20240405063009.0 | ||
| 008 | 080514s1964 pl a |000 1 pol | ||
| 015 | _aPB 1964/6485 | ||
| 040 |
_aWA N _cKOSZ 005/KK _dKOSZ 005/KK |
||
| 041 | 1 |
_apol _hrus |
|
| 080 | _a11/12:882(09)+92 | ||
| 100 | 1 |
_aAsmus, Valentin Ferdinandovič _d(1894-1975). |
|
| 245 | 1 | 0 |
_aLew Tołstoj / _cW. F. Asmus ; przeł. Janina Walicka. |
| 246 | 1 |
_iTyt. oryg.: _aMirovozzrenie Tolstogo. |
|
| 260 |
_aWarszawa : _b"Wiedza Powszechna", _c1964. |
||
| 300 |
_a229, [3] s. : _bil. ; _c18 cm. |
||
| 380 | _aKsiążki. | ||
| 490 | 1 | _aMyśli i Ludzie. 2, Filozofia Nowożytna i Współczesna. | |
| 500 | _aDruk w czasopiśmie Literaturnoe nasledstvo. | ||
| 600 | 1 | 4 |
_aTołstoj, Lew _d(1828-1910) |
| 655 | 4 |
_aLiteratura rosyjska _xhistoria _y19-20 w. |
|
| 648 | 4 | _a1801-1900 | |
| 648 | 4 | _a1901-2000 | |
| 700 | 1 |
_aWalicka, Janina. _eTłumacz |
|
| 710 | 2 |
_aPaństwowe Wydawnictwo Wiedza Powszechna _4pbl. |
|
| 856 |
_uhttp://koha.tu.koszalin.pl/cgi-bin/koha/opac-detail.pl?biblionumber=11996 _yKatalog online BPK |
||
| 830 | 0 |
_aMyśli i Ludzie. _n2, _pFilozofia Nowożytna i Współczesna |
|
| 942 |
_2UKD _cKS |
||
| 999 |
_c11996 _d11996 |
||